00481nam a2200193 a 4500001001300000003000900013005001700022008004100039020001000080082001500090100001900105245002300124260004400147300000800191500003500199505001000234650002400244700001900268nice12345678IN_TiNIC20260116011320.0050524s1930 lona grp 000 0 eng  ac10000a275.5bCAS aCash, W Wilson aPersia Old and New aLondonbChurch Missionary Societyc1930 a72p aincludes index and biblioraphy2 aIndex aChurch-History Iran1 aCash, W Wilson